000 00329 a2200169 4500
001 187693
020 _a85-08-09470-1
040 _cMagnum
100 _aFurnari, Eva
240 1 0 _aAnjinho
_lpor
245 1 0 _aAnjinho
300 _a40
362 0 _a2004
440 1 _aÁtica
697 _aLITERATURA INFANTIL
942 _cBK
999 _c187693
_d187693